Forró siker a szabadtérin Magas rangú párt- és állami vezetők a Borisz Godunov bemutatóján

Elmentve itt :
Bibliográfiai részletek
Dokumentumtípus: Cikk
Megjelent: 1971-07-25
Sorozat:Délmagyarország 61 No. 174
Kulcsszavak:Szabadtéri Játékok 1969-1973, hazai politikusok látogatásai
Online Access:http://dmarchiv.bibl.u-szeged.hu/112745
LEADER 00524nab a2200145 i 4500
001 delm112745
005 20190416083042.0
008 190416s1971 hu o 0|| hun d
040 |a SZTE Délmagyarország Archívum  |b hun 
041 |a hun 
245 0 0 |a Forró siker a szabadtérin   |h [elektronikus dokumentum] :  |b Magas rangú párt- és állami vezetők a Borisz Godunov bemutatóján 
260 |c 1971-07-25 
300 |a 1 
490 0 |a Délmagyarország  |v 61 No. 174 
695 |a Szabadtéri Játékok 1969-1973, hazai politikusok látogatásai